|
|
|
|
| LEADER |
00000naa2a2200000 4500 |
| 001 |
170251 |
| 005 |
20231031163652.0 |
| 035 |
|
|
|a (RuTPU)RU\TPU\book\184642
|
| 035 |
|
|
|a RU\TPU\book\184639
|
| 090 |
|
|
|a 170251
|
| 100 |
|
|
|a 20091120d2000 k y0engy50 ca
|
| 101 |
0 |
|
|a eng
|
| 102 |
|
|
|a RU
|
| 200 |
1 |
|
|a Influence of the preliminary barrier polarization on the breakdown voltage of air gaps
|f S. M. Lebedev [et al.]
|
| 320 |
|
|
|a References: p. 371 (9 titles)
|
| 330 |
|
|
|a It is shown that inhomogeneous polarization of insulation gap under electrical field due to sharp changing in the permittivity and/or conductivity at the interface 'main dielectric-barrier' is one of possible reasons of a barrier effect in dielectrics. Influence of preliminary polarization of thin polyethylene terephthalate barriers on the breakdown voltage of air gap with needle-plane configuration under AC and DC voltage is discovered
|
| 461 |
|
0 |
|0 (RuTPU)RU\TPU\book\23311
|t 1-st International Congress on Radiation Physics, High Current Electronics, and Modification of Materials
|o proceedings, Tomsk, Russia, 24-29 September 2000
|f Tomsk Polytechnic University (TPU)
|d 2000
|
| 463 |
|
0 |
|0 (RuTPU)RU\TPU\book\23310
|t Vol. 1: 11-th International Conference on Radiation Physics and Chemistry of Condensed Matter
|f ed. by D. Vaisburd
|v P. 367-371
|d 2000
|p 472 p.
|
| 610 |
1 |
|
|a труды учёных ТПУ
|
| 701 |
|
1 |
|a Lebedev
|b S. M.
|c physicist
|c Head of the laboratory of Tomsk Polytechnic University, Doctor of technical sciences
|f 1954-
|g Sergey Mikhailovich
|2 stltpush
|3 (RuTPU)RU\TPU\pers\34631
|
| 701 |
|
1 |
|a Gefle
|b O. S.
|c physicist
|c Senior researcher of Tomsk Polytechnic University, Candidate of technical sciences
|f 1947-
|g Olga Semenovna
|2 stltpush
|3 (RuTPU)RU\TPU\pers\33671
|
| 701 |
|
1 |
|a Pokholkov
|b Y. P.
|c Russian electrical engineer, Doctor of engineering (DSc)
|c Rector of the TPU (1990 - 2008), professor
|f 1939-
|g Yuri Petrovich
|2 stltpush
|3 (RuTPU)RU\TPU\pers\24842
|
| 701 |
|
1 |
|a Chichikin
|b V. I.
|
| 801 |
|
1 |
|a RU
|b 63413507
|c 20091120
|
| 801 |
|
2 |
|a RU
|b 63413507
|c 20151126
|g RCR
|
| 942 |
|
|
|c BK
|